[Event "Silver Lake Open-A 2018"]
[Site "Veliko Gradiste"]
[Date "2018.06.20"]
[Round "5"]
[White "Ivic, Velimir"]
[Black "Eric, Jovana"]
[Result "1-0"]
[WhiteElo "2425"]
[BlackElo "2324"]
[Annotator "TA"]
[PlyCount "71"]
[EventDate "2018.06.17"]
[EventType "swiss"]
[EventCountry "SRB"]
[SourceTitle "playchess.com"]
[Source "ChessBase"]
[SourceQuality "1"]

{[%evp 21,71,41,48,41,56,45,63,21,24,0,0,0,58,0,90,70,108,80,88,83,112,95,119,85,166,148,227,274,262,258,258,0,273,270,274,253,275,266,260,264,229,227,402,391,358,358,422,402,439,428,399,358]} 1. e4 c5 2. Nf3 d6 3. d4 cxd4 4. Nxd4 Nf6 5. Nc3 a6 6. Bg5 e6 7. f4 h6 8. Bh4 Be7 9. Qf3 Nc6 {B98: Sicilian Najdorf: 6 Bg5 e6 7 f4 Be7, sidelines} (9... Nbd7 10. O-O-O g5 11. fxg5 hxg5 12. Bg3 Qc7 13. Bb5 g4 14. Qe2 e5 15. Nf5 axb5 16. Nxb5 Qc6 17. Nbxd6+ Bxd6 18. Nxd6+ {1-0 (41) Dubov,D (2666)-Artemiev,V (2692) Tbilisi 2017}) 10. O-O-O Nxd4 11. Rxd4 Qb6 {LiveBook: 3 Games. White is slightly better.} 12. Rd2 Qc5 $146 ({Predecessor:} 12... Qa5 13. Bxf6 gxf6 14. Bd3 Bd7 15. f5 O-O-O 16. Re1 h5 17. Kb1 {0-1 (51) Can,I (1923)-Giannoulakis,L (2217) Skopje 2015}) 13. g4 Bd7 14. Bf2 Qa5 $1 15. h4 {[%cal Bh2h4,Bh4g5][%mdl 32]} Bc6 16. g5 Nd7 (16... Nxe4 $1 $11 17. Nxe4 Qxa2) 17. Bh3 (17. Rd1 $14) 17... hxg5 (17... b5 $1 $11) 18. hxg5 $16 O-O-O 19. Re1 g6 20. a3 Kb8 21. Qe3 Nc5 22. Bg2 Rc8 (22... e5 $16 {is a better defense.}) 23. Kb1 $1 $18 Na4 (23... Rce8 $16 {keeps fighting.} 24. b4 Qxa3 25. bxc5 Qb4+ 26. Kc1 dxc5) 24. Nd5 exd5 25. exd5 Bd7 {[#]} 26. Qa7+ $1 Kc7 {[#]} 27. b4 $1 {[%cal Rb4a5]} Nc3+ 28. Kb2 Qxa3+ 29. Kxa3 {[%csl Ga7][%cal Rf2b6]} Nb5+ 30. Kb2 {[%csl Ga7][%cal Rf2b6]} Nxa7 31. Rxe7 $40 {[%mdl 128] White is out for blood.} b6 $2 (31... Rce8 {might work better.} 32. Rxf7 Nc8) 32. Bxb6+ Kxb6 33. Rxd7 Nb5 34. Bf1 Rc7 35. Bxb5 $1 axb5 36. Rxd6+ {Precision: White = 75%, Black = 35%.} 1-0

[Event "Silver Lake Open-A 2018"]
[Site "Veliko Gradiste"]
[Date "2018.06.20"]
[Round "5"]
[White "Abramovic, Bosko"]
[Black "Dahl, Trygve"]
[Result "1/2-1/2"]
[WhiteElo "2415"]
[BlackElo "2206"]
[Annotator "TA"]
[PlyCount "49"]
[EventDate "2018.06.17"]
[EventType "swiss"]
[EventCountry "SRB"]
[SourceTitle "playchess.com"]
[Source "ChessBase"]
[SourceQuality "1"]

{[%evp 20,49,19,15,40,27,29,28,29,27,29,16,20,4,18,-12,0,0,0,0,0,-41,0,0,0,0,16,0,0,0,0,0]} 1. d4 Nf6 2. g3 g6 3. Bg2 Bg7 4. e4 d6 5. Nc3 O-O 6. Nge2 e5 7. h3 Nc6 8. Be3 Bd7 9. O-O exd4 10. Nxd4 Nxd4 11. Bxd4 Bc6 {B07: Pirc-Ufimzew-Verteidigung} (11... Re8 12. Qd3 a5 13. Rfe1 Bc6 14. Rad1 Nd7 15. f4 Bxd4+ 16. Qxd4 Qb8 17. h4 b5 18. e5 dxe5 19. fxe5 Bxg2 20. Kxg2 {1-0 (31) Dreev,A (2664)-Petersen,T (2346) Helsingor 2016}) 12. a4 a5 13. Re1 Nd7 {Weiß hat minimalen Vorteil.} 14. f4 $146 ({Vorgänger:} 14. Nb5 Re8 15. f4 Bxd4+ 16. Nxd4 Qb8 17. b3 {1-0 (42) Milov,V (2500)-Hoi,C (2400) Berlin 1993}) 14... Re8 15. Bxg7 Kxg7 16. Qd4+ Qf6 17. Qf2 (17. Nb5 {is interesting.} Bxb5 18. Qxf6+ Kxf6 19. axb5 Nc5 20. e5+) 17... Kg8 18. Rad1 Nb6 19. Rd4 Re7 20. h4 h5 21. b3 {Die Stellung ist ausgeglichen.} Rae8 22. Qd2 Nd7 23. Rd3 Qg7 24. Rde3 Nc5 25. Kh2 {Precision: Weiß = 49%, Schwarz = 65%.} 1/2-1/2

[Event "Silver Lake Open-A 2018"]
[Site "Veliko Gradiste"]
[Date "2018.06.20"]
[Round "5"]
[White "Atakisi, Umut"]
[Black "Kanakaris, Georgios"]
[Result "1/2-1/2"]
[WhiteElo "2380"]
[BlackElo "2399"]
[Annotator "NA"]
[PlyCount "28"]
[EventDate "2018.06.17"]
[EventType "swiss"]
[EventCountry "SRB"]
[SourceTitle "playchess.com"]
[Source "ChessBase"]
[SourceQuality "1"]
[TimeControl "40/5400+30:900+30"]

1. e4 {[%emt 0:03:59]} c5 {[%emt 0:00:11]} 2. Nf3 {[%emt 0:00:07]} d6 {[%emt 0:00:09]} 3. Bb5+ {[%emt 0:00:04]} Bd7 {[%emt 0:00:10]} 4. Bxd7+ {[%emt 0:00:05]} Qxd7 {[%emt 0:00:07]} 5. c4 {[%emt 0:00:04]} g6 {[%emt 0:00:16]} 6. d4 {[%emt 0:00:36]} Bg7 {[%emt 0:00:33]} 7. Nc3 {[%emt 0:01:11]} Nf6 {[%emt 0:01:19]} 8. d5 {[%emt 0:04:48]} O-O {[%emt 0:07:51]} 9. O-O {[%emt 0:02:47]} b5 {[%emt 0:04:01]} 10. cxb5 {[%emt 0:02:02]} a6 {[%emt 0:00:05]} 11. e5 {[%emt 0:10:42]} dxe5 {[%emt 0:00:38]} 12. Nxe5 {[%emt 0:00:46]} Qb7 {[%emt 0:01:51]} 13. bxa6 {[%emt 0:11:08]} Nxa6 {[%emt 0:07:00]} 14. Re1 {[%emt 0:28:12]} Nb4 {[%emt 0:05:10]} 1/2-1/2

[Event "Silver Lake Open-A 2018"]
[Site "Veliko Gradiste"]
[Date "2018.06.20"]
[Round "5"]
[White "Nestorovic, Dejan"]
[Black "Dinev, Dejan"]
[Result "1/2-1/2"]
[WhiteElo "2359"]
[BlackElo "2285"]
[Annotator "NA"]
[PlyCount "43"]
[EventDate "2018.06.17"]
[EventType "swiss"]
[EventCountry "SRB"]
[SourceTitle "playchess.com"]
[Source "ChessBase"]
[SourceQuality "1"]
[TimeControl "40/5400+30:900+30"]

1. d4 {[%emt 0:00:00]} d5 {[%emt 0:00:09]} 2. c4 {[%emt 0:00:00]} e6 {[%emt 0:00:29]} 3. Nc3 {[%emt 0:00:00]} Be7 {[%emt 0:01:01]} 4. cxd5 {[%emt 0:00:32]} exd5 {[%emt 0:00:08]} 5. Bf4 {[%emt 0:00:38]} Nf6 {[%emt 0:03:19]} 6. e3 {[%emt 0:00:24]} O-O {[%emt 0:00:55]} 7. Bd3 {[%emt 0:01:04]} c5 {[%emt 0:01:45]} 8. dxc5 {[%emt 0:05:44]} Bxc5 {[%emt 0:00:11]} 9. Nf3 {[%emt 0:00:08]} Nc6 {[%emt 0:00:46]} 10. O-O {[%emt 0:06:54]} d4 {[%emt 0:09:28]} 11. exd4 {[%emt 0:08:30]} Nxd4 {[%emt 0:00:08]} 12. Nxd4 {[%emt 0:00:06]} Bxd4 {[%emt 0:00:12]} 13. Nb5 {[%emt 0:02:10]} Bb6 {[%emt 0:04:19]} 14. Qf3 {[%emt 0:22:15]} Qd5 {[%emt 0:19:35]} 15. Qxd5 {[%emt 0:00:59]} Nxd5 {[%emt 0:00:07]} 16. Bd6 {[%emt 0:00:42]} Rd8 {[%emt 0:02:33]} 17. Be4 {[%emt 0:08:51]} a6 {[%emt 0:09:51]} 18. Rfd1 {[%emt 0:04:40]} axb5 {[%emt 0:03:37]} 19. Rxd5 {[%emt 0:00:05]} Be6 {[%emt 0:01:03]} 20. Rd2 {[%emt 0:01:36]} Rxa2 {[%emt 0:08:27]} 21. Rxa2 {[%emt 0:02:21]} Bxa2 {[%emt 0:00:11]} 22. Bxb7 {[%emt 0:01:45]} 1/2-1/2

[Event "Silver Lake Open-A 2018"]
[Site "Veliko Gradiste"]
[Date "2018.06.20"]
[Round "5"]
[White "Rajkovic, Mladen"]
[Black "Kadric, Denis"]
[Result "0-1"]
[WhiteElo "2354"]
[BlackElo "2509"]
[Annotator "TA"]
[PlyCount "78"]
[EventDate "2018.06.17"]
[EventType "swiss"]
[EventCountry "SRB"]
[SourceTitle "playchess.com"]
[Source "ChessBase"]
[SourceQuality "1"]

{[%evp 19,78,39,59,22,47,31,28,30,36,17,44,14,8,15,26,0,0,-74,-86,-78,-108,-154,-150,-141,-149,-138,-144,-137,-141,-104,-91,-66,-19,-41,-19,-326,-322,-505,-508,-492,-507,-705,-706,-701,-696,-693,-692,-1063,-1039,-1232,-685,-876,-868,-1254,-1235,-29976,-29976,-29975,-29976,-29972,-29955]} 1. e4 Nc6 2. d4 d6 3. Nf3 Nf6 4. Nc3 g6 5. h3 Bg7 6. Be3 O-O 7. Qd2 e5 8. O-O-O exd4 9. Nxd4 Nxd4 10. Bxd4 Be6 {LiveBook: 3 Games. B08: Pirc Defence: Classical System} 11. Be3 (11. g4 c5 12. Bxf6 Bxf6 13. Kb1 b5 14. f4 b4 15. Nd5 Bg7 16. g5 a5 17. Bc4 a4 18. h4 a3 19. b3 Re8 20. Rdf1 Ra7 21. h5 f5 22. gxf6 Bxf6 23. hxg6 hxg6 24. f5 Bxd5 25. Bxd5+ {1-0 (25) Xiong,J (2550)-Kadric,D (2537) Dallas 2015}) 11... a6 $146 ({Predecessor:} 11... Re8 12. Bh6 Qd7 13. Qg5 Qe7 14. Bxg7 Kxg7 15. g4 Nd7 16. Qd2 Nc5 17. f3 Rad8 18. h4 {1-0 (29) Krebs,J-Balcerak,M Sargenroth 1995}) 12. Bh6 b5 {White is slightly better.} 13. Bxg7 Kxg7 14. a3 c5 {[%cal Bc7c5,Bc5c4][%mdl 32]} 15. Qxd6 Qxd6 16. Rxd6 b4 $1 {[%cal Rb4c3]} 17. Nd1 Nxe4 18. Rxa6 {[#]} (18. Rc6 $11) 18... c4 $1 $36 {[%mdl 2048] Black is on the roll.} 19. Rxa8 Rxa8 20. f3 Ng3 21. Rg1 bxa3 22. bxa3 Rxa3 {White must now prevent ...c3.} 23. Kb2 Ra5 {Threatens to win with ...Re5.} 24. Kc3 Rg5 25. Ne3 Re5 26. Kd4 Kf6 27. Nxc4 $2 {[%mdl 8192]} (27. Bxc4 $11 {and White has nothing to worry.} Rxe3 28. Kxe3 Bxc4 29. Ra1) 27... Re1 $19 28. Nd2 (28. Nb2 {was necessary.}) 28... Kg5 29. c4 Kf4 30. c5 Rd1 31. Kd3 Bf5+ 32. Kc3 Ke3 33. Ne4 Bxe4 (33... Rxf1 34. Rxf1 Nxf1 35. Nf6 $19) 34. fxe4 {[%mdl 4096] Endgame KRB-KRN} Kf2 35. Bd3 Kxg1 36. c6 Rc1+ 37. Bc2 Nxe4+ {Black mates.} 38. Kb2 {[#]} Rxc2+ $1 39. Kxc2 Kxg2 {Precision: White = 34%, Black = 78%.} 0-1

[Event "Silver Lake Open-A 2018"]
[Site "Veliko Gradiste"]
[Date "2018.06.20"]
[Round "5"]
[White "Rajkovic, Dusan"]
[Black "Stojanovic, Mihajlo"]
[Result "1/2-1/2"]
[WhiteElo "2351"]
[BlackElo "2488"]
[Annotator "TA"]
[PlyCount "37"]
[EventDate "2018.06.17"]
[EventType "swiss"]
[EventCountry "SRB"]
[SourceTitle "playchess.com"]
[Source "ChessBase"]
[SourceQuality "1"]

{[%evp 16,28,33,-7,-7,-7,-7,-5,-7,-83,0,0,0,-99,-93]} 1. d4 Nf6 2. c4 e6 3. Nc3 Bb4 4. e3 c5 5. Bd3 Nc6 6. Nf3 Bxc3+ 7. bxc3 d6 8. O-O e5 9. e4 cxd4 {E41: Nimzoindisch (Rubinstein-System)} 10. cxd4 {zielt auf d5 ab.} Bg4 11. d5 Nd4 $1 12. Qa4+ (12. Rb1 $11) 12... Bd7 13. Qd1 {[#] Schwarz muss nun Sxd4 beachten.} Bg4 $1 14. Qa4+ b5 $1 {Vorgänger:} 15. Qa6 $146 Bxf3 16. gxf3 O-O 17. f4 Rc8 18. f3 bxc4 19. Bxc4 {1-0 (26) Levin,E (2493)-Murtazin,B (2335) Voronezh 2016} 1/2-1/2

[Event "Silver Lake Open-A 2018"]
[Site "Veliko Gradiste"]
[Date "2018.06.20"]
[Round "5"]
[White "Marjanovic, Annamaria"]
[Black "Perunovic, Miodrag"]
[Result "0-1"]
[WhiteElo "2343"]
[BlackElo "2442"]
[Annotator "TA"]
[PlyCount "90"]
[EventDate "2018.06.17"]
[EventType "swiss"]
[EventCountry "SRB"]
[SourceTitle "playchess.com"]
[Source "ChessBase"]
[SourceQuality "1"]

{[%evp 17,90,6,-1,-13,1,-3,0,1,3,12,12,-16,61,78,68,20,96,-58,-54,-57,-54,-37,-38,-59,-54,-77,-77,-145,-142,-181,-191,-185,-102,-96,-52,-62,-12,-60,-49,-47,-33,-86,-37,-53,-68,-50,-53,-58,-71,-61,-56,-144,-142,-180,-183,-184,-191,-250,-253,-342,-327,-337,-290,-308,-326,-315,-278,-783,-403,-585,-585,-614,-597,-548,-420]} 1. d4 Nf6 2. c4 e6 3. Nc3 Bb4 4. e3 O-O 5. Nge2 Re8 6. a3 Bf8 7. Ng3 d5 8. Be2 {E46: Nimzo-Indian: Rubinstein: 4 e3 0-0 5 Ne2 without early Bd3} b6 9. O-O (9. cxd5 exd5 10. O-O Bb7 11. b4 Nbd7 12. Qb3 c6 13. Bf3 a5 14. b5 c5 15. Nxd5 a4 {½-½ (53) Shankland,S (2671)-Ding,L (2778) Liaocheng 2018}) 9... Bb7 {LiveBook: 21 Games} 10. b3 {The position is equal.} c5 11. cxd5 $146 ({Predecessor:} 11. dxc5 bxc5 12. Bf3 Nc6 13. cxd5 Ne5 14. dxe6 Nxf3+ 15. gxf3 Rxe6 {1-0 (33) Sowray,P (2322)-Roberson,P (2410) England 2018}) 11... cxd4 12. Qxd4 {Black should prevent dxe6.} Nxd5 13. Bb2 Nc6 14. Qd1 Qh4 ({Black should play} 14... Nxc3 $11 15. Bxc3 Ne7) 15. Nxd5 $14 {Hoping for Nf4.} Rad8 16. Qc2 {aiming for Nc7.} (16. Nf6+ $5 gxf6 17. Qe1 $14) 16... exd5 (16... Rxd5 $11 {keeps the balance.} 17. Bf3 Rd6) 17. Qf5 $2 (17. Nf5 $1 $16 {[%cal Rf5h4]} Qg5 18. h4) 17... d4 $15 18. Bc4 Re7 $1 19. Rad1 g6 20. Qb1 Bg7 21. Qa1 h5 22. Be2 ({Better is} 22. Bb5) 22... Qg5 $1 $17 23. Bf3 {[%cal Re3d4] [#]} h4 $1 24. Ne2 h3 (24... Ba6 $19 {And now ...Ne5 would win.} 25. Kh1 h3) 25. Ng3 Red7 26. b4 {[%cal Bb3b4,Bb4b5][%mdl 32]} f5 27. b5 Na5 $1 28. Bxb7 Nxb7 29. Qa2+ (29. gxh3 $15 dxe3 30. Rxd7 Rxd7 31. Bxg7 Rxg7 32. Qd4) 29... Kf8 30. f4 Qe7 31. e4 hxg2 ({Don't blunder} 31... fxe4 $2 32. f5 $18) 32. Rfe1 Qf7 $36 {[%mdl 2048] White is under strong pressure.} 33. Qxf7+ Rxf7 34. e5 {[#]} (34. exf5 $15 gxf5 35. Kxg2) 34... d3 $1 35. Bc3 Nc5 36. Kxg2 Ne6 37. Bd2 (37. Bb4+ $142 Kg8 38. Kf3) 37... Rc7 38. Bb4+ Kf7 39. Bd6 Rc2+ 40. Kf3 Rh8 ({Don't take} 40... Rxh2 41. Rxd3 Rh4 42. Ne2 $19) 41. Rxd3 Rhxh2 ({Not} 41... Rcxh2 42. Bb4 $17) 42. Bb8 $2 (42. Re2 Rhxe2 43. Nxe2 Rxe2 44. Kxe2 Nxf4+ 45. Ke3 Nxd3 46. Kxd3) 42... Rhf2+ 43. Ke3 Bf8 {( -> ...Bc5+). Black is clearly winning.} 44. Bd6 Nxf4 45. e6+ Nxe6 {Precision: White = 33%, Black = 64%.} 0-1

[Event "Silver Lake Open-A 2018"]
[Site "Veliko Gradiste"]
[Date "2018.06.20"]
[Round "5"]
[White "Pantelic, Sasa"]
[Black "Radovanovic, Mihajlo"]
[Result "0-1"]
[WhiteElo "2338"]
[BlackElo "2419"]
[Annotator "TA"]
[PlyCount "58"]
[EventDate "2018.06.17"]
[EventType "swiss"]
[EventCountry "SRB"]
[SourceTitle "playchess.com"]
[Source "ChessBase"]
[SourceQuality "1"]

{[%evp 10,58,7,0,0,0,0,0,0,0,0,0,0,-3,0,0,18,0,-22,-10,17,23,48,48,51,40,35,24,16,29,53,-16,-16,-78,-72,-97,-124,-230,-229,-256,-250,-260,-261,-302,-226,-908,-915,-912,-895,-1691,-1611]} 1. d4 d6 2. c4 e5 3. Nc3 exd4 4. Qxd4 Nc6 5. Qd2 Nf6 6. e3 {LiveBook: 5 Games. A21: English Opening: 1...e5 2 Nc3} (6. b3 Be6 7. e4 a5 8. Bb2 a4 9. Rd1 axb3 10. axb3 g6 11. Bd3 Bg7 12. Nge2 O-O 13. O-O Nd7 14. Nd5 Nc5 15. Bxg7 Kxg7 {0-1 (40) Dreev,A (2664)-Svidler,P (2759) Almaty 2016}) 6... a5 $146 ({Predecessor:} 6... g6 7. b3 Bg7 8. Bb2 O-O 9. Nge2 a5 10. Nf4 Ne5 11. Be2 Bd7 12. a3 Bf5 13. Nfd5 Nfd7 {1-0 (27) Kazakovskiy,V (2342)-Laurusas,T (2441) Kaunas 2016}) 7. Nge2 a4 8. Nf4 {The position is equal.} g6 9. Be2 Bg7 10. O-O O-O 11. Rb1 Bf5 12. Bd3 Bxd3 13. Qxd3 Nd7 14. Bd2 a3 15. b3 Re8 16. Rbd1 Nc5 17. Qb1 Ne5 18. Ne4 Ned3 19. Nxc5 Nxf4 20. exf4 ({White should play} 20. Nxb7 $14 Ne2+ 21. Kh1) 20... dxc5 $11 21. Bc3 (21. Qc2 $11 {keeps the balance.}) 21... Bxc3 $17 22. Rxd8 Raxd8 23. Qc1 {[#]} (23. Rc1 $17 {was the only chance.} Bb4 24. Kf1) 23... Bb4 $1 $19 24. f5 Rd2 25. h4 Rxa2 26. fxg6 hxg6 {Strongly threatening ...Rae2.} 27. Qh6 $2 (27. h5 Rae2 28. hxg6 fxg6 29. Qh6) 27... Bd2 {Black is clearly winning.} 28. f4 Re2 29. Rd1 {[#]} Rxg2+ $1 {[%mdl 512] Precision: White = 42%, Black = 79%.} 0-1

[Event "Silver Lake Open-A 2018"]
[Site "Veliko Gradiste"]
[Date "2018.06.20"]
[Round "5"]
[White "Baglan, Esat"]
[Black "Low, Zhen Yu Cyrus"]
[Result "0-1"]
[WhiteElo "2314"]
[BlackElo "2387"]
[Annotator "TA"]
[PlyCount "82"]
[EventDate "2018.06.17"]
[EventType "swiss"]
[EventCountry "SRB"]
[SourceTitle "playchess.com"]
[Source "ChessBase"]
[SourceQuality "1"]

{[%evp 17,82,44,45,37,20,25,81,91,100,41,39,40,33,47,43,31,90,96,110,102,160,109,118,64,50,50,69,9,107,119,116,40,81,95,88,79,85,72,74,57,82,91,100,0,10,-6,-6,-6,-6,-6,-10,0,0,0,0,0,0,-319,-339,-324,-341,-301,-315,-869,-714,-5414,-5306]} 1. e4 e6 2. d4 d5 3. Nc3 h6 4. Bd3 (4. e5 c5 5. dxc5 Nc6 6. Nf3 Bxc5 7. Bd3 a6 8. O-O Nge7 9. a3 Ba7 10. h3 O-O 11. Bf4 f5 {0-1 (21) Pichot,A (2532)-Cordova,E (2602) San Salvador 2016}) 4... Nc6 5. Nf3 Nb4 6. Bb5+ {C10: French with 3 Nc3: Unusual Black 3rd moves and 3...dxe4} c6 7. Be2 Nf6 8. e5 Ne4 9. O-O c5 {LiveBook: 5 Games} 10. Nxe4 dxe4 11. Nd2 Nc6 $146 (11... cxd4 $11 12. c3 (12. Nxe4 Qd5 $14) 12... Nc6) ({Predecessor:} 11... cxd4 12. Nxe4 Qd5 {0-1 (34) Michiels,B (2442)-Hovhannisyan,M (2458) Charleroi 2008}) 12. dxc5 $16 Qd4 13. c3 (13. Nc4 $16) 13... Qxc5 $14 14. Nxe4 Qxe5 15. Bd3 Be7 16. Qf3 g5 (16... O-O $14) 17. Be3 $16 f5 {Black wants to play ...g4.} 18. Qh5+ Kf8 (18... Kd8 $142) 19. f4 (19. Rad1 $142) 19... Qg7 20. Bc5 (20. g4 $16) 20... g4 $14 21. Nd6 {[%csl Gd6][%cal Rh5e8]} Bd7 22. Ba3 (22. Rf2 $14) 22... Qf6 {[#]} (22... Rd8 $1 $11 {remains equal.}) 23. h3 $1 $16 Rg8 24. Rae1 ({Wrong is} 24. Nxb7 $2 Be8 $19) (24. Be2 $16) 24... Be8 25. Nxe8 Rxe8 26. Bxe7+ Rxe7 27. Bb5 Nd8 {[%cal Bc6d8,Bd8f7,Bf7e5,Be5c4][%mdl 32]} 28. Re2 gxh3 29. Qxh3 Rg4 30. Rd1 ({White should try} 30. Ba4 $16) 30... Nf7 $1 $11 31. Qf3 e5 32. fxe5 Qb6+ 33. Rf2 $132 {[%mdl 2048] White has counterplay} Nxe5 34. Qd5 $1 Kg7 {...Rf4 is the strong threat.} 35. Rd4 a6 36. Bc4 Nxc4 37. Qxf5 $4 {[%mdl 8192]} (37. Qxc4 $11 {and White has nothing to worry.} Rxd4 38. cxd4) 37... Re1+ $19 ({And not} 37... Rxd4 38. Qf8+ Kg6 39. Qf5+ Kg7 40. Qf8+ Kg6 41. Qf5+ Kg7 $11) 38. Kh2 Qc7+ ({Inferior is} 38... Rxd4 39. Qf8+ Kh7 40. Rf7+ Kg6 41. Qg8+ Kh5 42. Rf5+ Kh4 43. Qg3#) 39. Rff4 {[#] Intending Rd7+ and mate.} Ne5 $1 {Threatens to win with ...Rg6.} 40. Qf8+ $2 (40. Rd7+ Qxd7 41. Qxd7+ Nxd7 42. Rxg4+ Kf6 43. Rc4) 40... Kh7 41. Rd8 {[#]} Rh4+ $1 {[%mdl 512] Precision: White = 36%, Black = 53%.} 0-1

[Event "Silver Lake Open-A 2018"]
[Site "Veliko Gradiste"]
[Date "2018.06.20"]
[Round "5"]
[White "Cerovic, Danilo"]
[Black "Tosic, Miroslav"]
[Result "*"]
[WhiteElo "2292"]
[BlackElo "2384"]
[Annotator "RC"]
[PlyCount "81"]
[EventDate "2018.06.17"]
[EventType "swiss"]
[EventCountry "SRB"]
[SourceTitle "playchess.com"]
[Source "ChessBase"]
[SourceQuality "1"]
[TimeControl "40/5400+30:900+30"]

1. d4 {[%emt 0:00:00]} d5 {[%emt 0:00:31]} 2. c4 {[%emt 0:00:00]} c6 {[%emt 0:00:10]} 3. Nf3 {[%emt 0:00:00]} Nf6 {[%emt 0:00:12]} 4. Nc3 {[%emt 0:00:01]} e6 {[%emt 0:00:07]} 5. e3 {[%emt 0:00:09]} Nbd7 {[%emt 0:00:11]} 6. Bd3 {[%emt 0:00:10]} dxc4 {[%emt 0:00:27]} 7. Bxc4 {[%emt 0:00:10]} b5 {[%emt 0:00:26]} 8. Bd3 {[%emt 0:06:43]} Bb7 {[%emt 0:02:14]} 9. e4 {[%emt 0:03:51]} b4 {[%emt 0:05:51]} 10. Na4 {[%emt 0:01:06]} Be7 {[%emt 0:01:32]} 11. O-O {[%emt 0:04:43]} h6 {[%emt 0:03:11]} 12. Qe2 {[%emt 0:15:14]} c5 {[%emt 0:11:28]} 13. e5 {[%emt 0:06:49]} Nd5 {[%emt 0:00:40]} 14. Nxc5 {[%emt 0:00:16]} Nxc5 {[%emt 0:01:41]} 15. dxc5 {[%emt 0:00:10]} Bxc5 {[%emt 0:00:07]} 16. Bd2 {[%emt 0:19:50]} Qb6 {[%emt 0:03:13]} 17. Rac1 {[%emt 0:02:46]} Rc8 {[%emt 0:02:55]} 18. Rc4 {[%emt 0:02:46]} Rc7 {[%emt 0:01:06]} 19. Rg4 {[%emt 0:07:04]} g6 {[%emt 0:21:16]} 20. Rh4 {[%emt 0:00:31]} h5 {[%emt 0:00:14]} 21. Rc1 {[%emt 0:02:17]} Be7 {[%emt 0:05:35]} 22. Rhc4 {[%emt 0:06:36]} Rxc4 {[%emt 0:01:10]} 23. Rxc4 {[%emt 0:02:16]} Bc5 {[%emt 0:02:57]} 24. Rc1 {[%emt 0:06:12]} Bd4 {[%emt 0:07:22]} 25. Nxd4 {[%emt 0:02:51]} Qxd4 {[%emt 0:00:08]} 26. Bb5+ {[%emt 0:00:16]} Kf8 {[%emt 0:00:31]} 27. Be3 {[%emt 0:08:36]} Qh4 {[%emt 0:01:41]} 28. Rc4 {[%emt 0:01:29]} Qd8 {[%emt 0:01:02]} 29. Bc5+ {[%emt 0:01:01]} Kg7 {[%emt 0:00:19]} 30. Bd6 {[%emt 0:00:32]} Qa5 {[%emt 0:01:09]} 31. Rd4 {[%emt 0:00:34]} Qxa2 {[%emt 0:01:46]} 32. h4 {[%emt 0:00:07]} Rc8 {[%emt 0:00:20]} 33. Bc4 {[%emt 0:00:32]} Qb1+ {[%emt 0:07:42]} 34. Kh2 {[%emt 0:00:07]} Qf5 {[%emt 0:02:06]} 35. g3 {[%emt 0:00:08]} Rxc4 {[%emt 0:00:35]} 36. Rxc4 {[%emt 0:00:22]} Ba6 {[%emt 0:00:16]} 37. b3 {[%emt 0:00:54]} Bxc4 {[%emt 0:00:53]} 38. bxc4 {[%emt 0:00:02]} Nc3 {[%emt 0:00:21]} 39. Qe3 {[%emt 0:00:34]} Nd1 {[%emt 0:01:05]} 40. Qxa7 {[%emt 0:00:00]} Nxf2 {[%emt 0:00:23]} 41. Be7 *

[Event "Silver Lake Open-A 2018"]
[Site "Veliko Gradiste"]
[Date "2018.06.20"]
[Round "5"]
[White "Injac, Teodora"]
[Black "Cvitan, Ognjen"]
[Result "1/2-1/2"]
[WhiteElo "2282"]
[BlackElo "2492"]
[Annotator "TA"]
[PlyCount "32"]
[EventDate "2018.06.17"]
[EventType "swiss"]
[EventCountry "SRB"]
[SourceTitle "playchess.com"]
[Source "ChessBase"]
[SourceQuality "1"]

{[%evp 25,32,0,0,0,0,0,0,0,0]} 1. d4 Nf6 2. Nf3 d5 3. c4 e6 4. Nc3 Be7 5. Bf4 O-O 6. e3 c5 7. dxc5 Bxc5 8. Qc2 Nc6 9. a3 Qa5 10. O-O-O Ne4 {D37: Queen's Gambit Declined: 5 Bf4} 11. Nxe4 (11. Nb5 a6 12. Nc7 e5 13. Rxd5 exf4 14. Qxe4 Qxc7 15. Rxc5 fxe3 16. Bd3 g6 17. fxe3 Be6 18. Qh4 {0-1 (32) Karjakin,S (2782)-Anand,V (2760) Stavanger 2018}) 11... dxe4 12. Qxe4 Bxa3 13. bxa3 Qxa3+ {LiveBook: 3 Games. The position is equal.} 14. Kb1 $146 {[#] Strongly threatening Qc2.} Qb3+ 15. Kc1 {Threatens to win with Qc2.} Qa3+ 16. Kb1 {And now Qc2 would win.} Qb3+ 1/2-1/2

[Event "Silver Lake Open-A 2018"]
[Site "Veliko Gradiste"]
[Date "2018.06.20"]
[Round "5"]
[White "Kulkarni, Chinmay"]
[Black "Hirneise, Tobias"]
[Result "1-0"]
[WhiteElo "2281"]
[BlackElo "2461"]
[Annotator "TA"]
[PlyCount "55"]
[EventDate "2018.06.17"]
[EventType "swiss"]
[EventCountry "SRB"]
[SourceTitle "playchess.com"]
[Source "ChessBase"]
[SourceQuality "1"]

{[%evp 13,55,27,28,0,8,0,8,0,0,7,21,30,46,45,124,95,150,116,122,108,110,102,174,158,193,207,332,342,315,261,460,443,538,541,618,604,907,509,468,387,512,511,1884,1722]} 1. e4 c5 2. Nf3 d6 3. d4 cxd4 4. Nxd4 Nf6 5. Nc3 Bd7 6. Bc4 e6 {B56: Classical Sicilian: Unusual Lines} 7. Bb3 Na6 {LiveBook: 5 Games} 8. Be3 Nc5 {The position is equal.} 9. f3 Be7 $146 ({Predecessor:} 9... a6 10. Qd2 b5 11. a3 Rb8 12. Ba2 a5 13. O-O b4 14. axb4 axb4 {1-0 (61) Flis,J (2295)-Heberla,B (2551) Ustron 2006}) 10. Qd2 O-O 11. g4 {[%cal Bg2g4,Bg4g5][%mdl 32]} Nxb3 12. axb3 Bc6 13. g5 $36 {[%mdl 2048] White has good play.} Nd7 (13... Nh5 $14) 14. h4 $16 d5 ({Black should play} 14... a5) 15. exd5 exd5 16. O-O-O Re8 17. Kb1 Bf8 {[#]} (17... a5 $16) 18. h5 $1 $18 a5 {[#]} 19. g6 $1 {[%mdl 512]} fxg6 (19... a4 $142 20. gxh7+ (20. bxa4 Bxa4 21. gxh7+ Kxh7 $16) 20... Kxh7) 20. hxg6 hxg6 21. Bg5 Qc7 $2 (21... Be7) 22. f4 Bc5 23. Nxc6 ({Weaker is} 23. Qh2 Kf7 $16) 23... bxc6 {[#]} 24. Nxd5 $1 {[%mdl 512]} Qb7 (24... cxd5 25. Qxd5+) 25. Nc3 Nf8 26. Qd3 Qf7 27. Ne4 ({Not} 27. Qh3 Qf5 $16) 27... Ne6 (27... Rxe4 $142 28. Qxe4 Qe6) 28. Qh3 {Precision: White = 85%, Black = 22%.} 1-0